[Event "CHN-chT"]
[Site "Qingdao"]
[Date "2024.04.09"]
[Round "8.4"]
[White "Xie, Kaifan"]
[Black "Meng, Yihan"]
[Result "1/2-1/2"]
[WhiteElo "2393"]
[BlackElo "2042"]
[PlyCount "183"]
[EventDate "2024.04.02"]
[EventType "team-swiss"]
[EventRounds "9"]
[EventCountry "CHN"]
[SourceTitle "CB16_2024"]
[SourceDate "2024.04.17"]
[SourceVersion "1"]
[SourceVersionDate "2024.04.17"]
[SourceQuality "1"]
[WhiteTeam "Hangzhou"]
[BlackTeam "Shanghai"]
[WhiteTeamCountry "CHN"]
[BlackTeamCountry "CHN"]

1. d4 d5 2. Nf3 Nf6 3. c4 dxc4 4. Qa4+ Nc6 5. Qxc4 Bg4 6. Nbd2 Qd6 7. e3 0-0-0 8. Ng5 Qd7 9. h3 Bf5 10. g4 h6 11. Ngf3 Bh7 12. Bg2 Qd6 13. 0-0 e5 14. dxe5 Nxe5 15. Nxe5 Qxe5 16. Nf3 Qc5 17. Qxc5 Bxc5 18. Bd2 Ne4 19. Ba5 b6 20. Be1 a5 21. Rc1 Rhe8 22. a3 a4 23. Rc4 b5 24. Rc1 Re6 25. Ba5 Ra6 26. Bc3 f6 27. Bd4 Be7 28. Rfd1 c5 29. Nd2 Re6 30. Bxe4 Bxe4 31. Bxc5 Bxc5 32. Rxc5+ Kb7 33. Rxb5+ Ka6 34. Rc5 Bf3 35. Nxf3 Rxd1+ 36. Kg2 Rb6 37. Rc4 Ka5 38. Rc7 Rxb2 39. Ra7+ Kb6 40. Rxa4 Ra2 41. Rb4+ Kc7 42. a4 Rda1 43. Nd4 g6 44. Nb5+ Kd7 45. Rd4+ Ke7 46. Re4+ Kd7 47. Rf4 Ke7 48. Nc3 Ra3 49. Rc4 Ke6 50. Kg3 Rc1 51. Re4+ Kf7 52. Nd5 Rd3 53. Nf4 Rd2 54. Rb4 Rc7 55. Rb6 Ra7 56. h4 Rd1 57. Kf3 Rd2 58. Kg3 Rd1 59. a5 Rxa5 60. Rb7+ Kg8 61. Nxg6 h5 62. Ne7+ Kf8 63. Ng6+ Kg8 64. gxh5 Rxh5 65. Ne7+ Kf8 66. Ng6+ Kg8 67. Nf4 Ra5 68. Ne2 Rd2 69. Nd4 Ra3 70. Nf5 Ra1 71. f3 Rf1 72. Kf4 Rh2 73. Rg7+ Kf8 74. Rg3 Rff2 75. Rg4 Rfg2 76. Ng3 Kf7 77. e4 Rh3 78. Nf5 Rxg4+ 79. fxg4 Rh1 80. h5 Rf1+ 81. Ke3 Re1+ 82. Kf2 Ra1 83. Kg2 Ra3 84. Kf2 Ke6 85. Ne3 Rb3 86. h6 Kf7 87. Nf5 Kg6 88. Kg2 Kg5 89. h7 Rb8 90. Kg3 Rh8 91. Nd4 Kg6 92. Kf4 1/2-1/2

[Event "CHN-ch U16"]
[Site "Shanghai"]
[Date "2024.02.21"]
[Round "11"]
[White "Meng, Yihan"]
[Black "Yang, Siyuan"]
[Result "1-0"]
[WhiteElo "2001"]
[BlackElo "1901"]
[PlyCount "67"]
[EventDate "2024.02.16"]
[EventType "swiss"]
[EventRounds "11"]
[EventCountry "CHN"]
[SourceTitle "CB09_2024"]
[SourceDate "2024.02.28"]
[SourceVersion "1"]
[SourceVersionDate "2024.02.28"]
[SourceQuality "1"]

1. d4 Nf6 2. Nc3 c5 3. d5 d6 4. e4 g6 5. Be3 Bg7 6. Qd2 0-0 7. Bh6 e6 8. 0-0-0 exd5 9. exd5 Re8 10. Bd3 Nbd7 11. h4 Ne5 12. Be2 Bxh6 13. Qxh6 Nfg4 14. Bxg4 Nxg4 15. Qd2 h5 16. Nh3 Qxh4 17. Ne4 Nf6 18. Nxd6 Re5 19. Nf4 Qg5 20. Kb1 Ne4 21. Nxe4 Rxe4 22. g3 Bg4 23. Rde1 Rd4 24. Qe3 b6 25. Nxh5 Qf5 26. Nf4 g5 27. Nd3 Bf3 28. g4 Rxg4 29. Ne5 Rf4 30. Nc6 Kg7 31. Rhg1 g4 32. Ne5 Rd8 33. Qc3 Kg8 34. Nc6 1-0

[Event "CHN-ch U16"]
[Site "Shanghai"]
[Date "2024.02.17"]
[Round "3"]
[White "Liu, Haoling"]
[Black "Meng, Yihan"]
[Result "1/2-1/2"]
[WhiteElo "1616"]
[BlackElo "2001"]
[PlyCount "92"]
[EventDate "2024.02.16"]
[EventType "swiss"]
[EventRounds "11"]
[EventCountry "CHN"]
[SourceTitle "CB09_2024"]
[SourceDate "2024.02.28"]
[SourceVersion "1"]
[SourceVersionDate "2024.02.28"]
[SourceQuality "1"]

1. Nf3 d5 2. d4 Nf6 3. c4 dxc4 4. Qa4+ Nbd7 5. Qxc4 e6 6. Nc3 c5 7. dxc5 Bxc5 8. b4 Be7 9. e3 0-0 10. Be2 Nb6 11. Qb3 Nfd5 12. Nxd5 Qxd5 13. Bd2 Bd7 14. 0-0 Bf6 15. Rac1 Qxb3 16. axb3 Bc6 17. b5 Bd5 18. Bc4 Be4 19. Bb4 Rfd8 20. Rfd1 Bb2 21. Rxd8+ Rxd8 22. Re1 Nxc4 23. bxc4 Rc8 24. Rd1 h6 25. c5 a5 26. bxa6 bxa6 27. Nd2 Bc2 28. Re1 Bd3 29. Nf3 Be4 30. Nd2 Bd3 31. Nf3 g5 32. h3 a5 33. Bxa5 Rxc5 34. Bb6 Rc1 35. Rxc1 Bxc1 36. Bd4 Ba3 37. Ne5 Bb5 38. f4 Bf8 39. Nf3 Be7 40. Kf2 f6 41. g4 Kf7 42. Bb6 Bd6 43. Kg3 Bc6 44. Bd4 Bd5 45. Bc3 Bc6 46. Bd4 Bd5 1/2-1/2

[Event "CHN-ch U16"]
[Site "Shanghai"]
[Date "2024.02.17"]
[Round "4"]
[White "Meng, Yihan"]
[Black "Wu, Yachen"]
[Result "1-0"]
[WhiteElo "2001"]
[BlackElo "1529"]
[PlyCount "95"]
[EventDate "2024.02.16"]
[EventType "swiss"]
[EventRounds "11"]
[EventCountry "CHN"]
[SourceTitle "CB09_2024"]
[SourceDate "2024.02.28"]
[SourceVersion "1"]
[SourceVersionDate "2024.02.28"]
[SourceQuality "1"]

1. d4 Nf6 2. Nc3 d5 3. Bf4 c6 4. e3 Bf5 5. Bd3 Bxd3 6. cxd3 Nbd7 7. h3 e6 8. Nf3 Rc8 9. 0-0 Be7 10. e4 dxe4 11. dxe4 0-0 12. Qe2 Re8 13. Rad1 Nf8 14. Rfe1 Qb6 15. Qc2 Ng6 16. Bh2 Red8 17. a3 a5 18. g4 Ne8 19. Bg3 Bd6 20. e5 Be7 21. h4 Nc7 22. h5 Nf8 23. Ne4 Nd5 24. Bh4 Bxh4 25. Nxh4 Rc7 26. h6 Ng6 27. Ng2 Ngf4 28. Qc1 Nxg2 29. Kxg2 g6 30. Qg5 f6 31. exf6 Rf7 32. Qe5 Qxb2 33. g5 Qxa3 34. Ra1 Qb4 35. Reb1 Qc4 36. Re1 a4 37. Rac1 Qb4 38. Rb1 Qc4 39. Rbc1 Qb4 40. Rb1 Qc4 41. Kg1 b5 42. Nd6 Rxd6 43. Qxd6 Qxd4 44. Qxe6 Nxf6 45. gxf6 Qxf6 46. Qxf6 Rxf6 47. Re7 g5 48. Rd1 1-0

[Event "Qingdao SCO Teams 5th"]
[Site "Qingdao"]
[Date "2023.12.17"]
[Round "1.5"]
[White "Meng, Yihan"]
[Black "Mosadeghpour, Masoud"]
[Result "0-1"]
[WhiteElo "2001"]
[BlackElo "2473"]
[PlyCount "102"]
[EventDate "2023.12.17"]
[EventType "team-tourn (rapid)"]
[EventRounds "9"]
[EventCountry "CHN"]
[SourceTitle "CB52_2023"]
[SourceDate "2023.12.27"]
[SourceVersion "1"]
[SourceVersionDate "2023.12.27"]
[SourceQuality "1"]
[WhiteTeam "China Shanghai"]
[BlackTeam "Iran"]
[WhiteTeamCountry "CHN"]
[BlackTeamCountry "IRI"]

1. e4 c5 2. Nf3 Nc6 3. c3 Nf6 4. e5 Nd5 5. d4 cxd4 6. cxd4 d6 7. Bc4 Nb6 8. Bb5 Bd7 9. Nc3 e6 10. 0-0 dxe5 11. dxe5 Qc7 12. Qe2 a6 13. Bd3 Nb4 14. Be4 Na4 15. Rd1 Nxc3 16. bxc3 Bb5 17. Qe1 Nc6 18. a4 Bc4 19. Bf4 Be7 20. Nd2 Bd5 21. Bxd5 exd5 22. Nf3 Rd8 23. Qe3 0-0 24. Nd4 Nxd4 25. cxd4 Qd7 26. Qb3 b5 27. axb5 axb5 28. Ra5 b4 29. Bd2 Qc7 30. Ra4 Qd7 31. Ra5 Qg4 32. Be3 Ra8 33. f3 Qf5 34. Rda1 Rxa5 35. Rxa5 Rc8 36. Bd2 h6 37. Rxd5 Qe6 38. Qa2 Rb8 39. Ra5 b3 40. Qb2 Qc4 41. Ra1 Qe2 42. Re1 Qd3 43. Re3 Qc4 44. Bc3 Rc8 45. Kf2 Bg5 46. f4 Bxf4 47. Rf3 Bg5 48. Qa3 Qd5 49. Bb2 Rc2+ 50. Kg3 Qe4 51. h3 Bh4+ 0-1

[Event "CHN-ch U14"]
[Site "Shenzhen"]
[Date "2023.08.01"]
[Round "9"]
[White "Fan, Jingyi"]
[Black "Meng, Yihan"]
[Result "1/2-1/2"]
[WhiteElo "1806"]
[BlackElo "2069"]
[PlyCount "82"]
[EventDate "2023.07.28"]
[EventType "swiss"]
[EventRounds "11"]
[EventCountry "CHN"]
[SourceTitle "CBM 215 Extra"]
[Source "ChessBase"]
[SourceDate "2023.09.30"]
[SourceVersion "1"]
[SourceVersionDate "2023.09.30"]
[SourceQuality "1"]

1. d4 d5 2. Nf3 Nf6 3. Bf4 c5 4. e3 e6 5. Nbd2 Bd6 6. dxc5 Bxc5 7. Bd3 0-0 8. 0-0 Nc6 9. c4 Be7 10. h3 Nb4 11. Be2 dxc4 12. Nxc4 Qxd1 13. Rfxd1 Bd7 14. Nce5 Rfd8 15. Nxd7 Rxd7 16. a3 Rxd1+ 17. Rxd1 Nbd5 18. Rc1 Nxf4 19. exf4 Nd5 20. g3 Bf6 21. Rc2 Kf8 22. Ne5 Rd8 23. Bf3 Bxe5 24. fxe5 Ke7 25. Kf1 Rd7 26. Ke2 Nb6 27. b3 Kd8 28. Be4 h6 29. f4 Rc7 30. Rxc7 Kxc7 31. Kd3 Nd7 32. Kd4 Nb8 33. b4 Nc6+ 34. Kc4 Ne7 35. Kd4 Nc6+ 36. Kc4 Ne7 37. Bc2 h5 38. Kd4 g6 39. g4 hxg4 40. hxg4 Kd8 41. Bb3 Nc6+ 1/2-1/2

[Event "CHN-ch U14"]
[Site "Shenzhen"]
[Date "2023.07.30"]
[Round "6"]
[White "Meng, Yihan"]
[Black "Wang, Puxuan"]
[Result "1-0"]
[WhiteElo "2069"]
[BlackElo "1334"]
[PlyCount "63"]
[EventDate "2023.07.28"]
[EventType "swiss"]
[EventRounds "11"]
[EventCountry "CHN"]
[SourceTitle "CBM 215 Extra"]
[Source "ChessBase"]
[SourceDate "2023.09.30"]
[SourceVersion "1"]
[SourceVersionDate "2023.09.30"]
[SourceQuality "1"]

1. e4 g6 2. d4 Bg7 3. c4 d6 4. Nc3 Nf6 5. Be2 0-0 6. Bg5 Nbd7 7. Qd2 c5 8. d5 a6 9. a4 Qb6 10. Nf3 Re8 11. 0-0 e6 12. Qc2 exd5 13. cxd5 Qb4 14. Nd2 Ne5 15. h3 Qb6 16. f4 Ned7 17. Nc4 Qc7 18. e5 dxe5 19. fxe5 Nh5 20. d6 Qb8 21. Bxh5 gxh5 22. Qf2 Rf8 23. Be7 Nxe5 24. Bxf8 Be6 25. Bxg7 Bxc4 26. Bxe5 Qd8 27. Qg3+ Kf8 28. Bf6 Qb6 29. Rae1 Be6 30. Qg7+ Ke8 31. Rxe6+ fxe6 32. Qe7# 1-0

[Event "China zt 3.5"]
[Site "Shaoxing"]
[Date "2021.05.24"]
[Round "2"]
[White "Zhu, Hengyi"]
[Black "Meng, Yihan"]
[Result "1-0"]
[WhiteElo "2202"]
[BlackElo "1822"]
[PlyCount "89"]
[EventDate "2021.05.23"]
[EventType "swiss"]
[EventRounds "9"]
[EventCountry "CHN"]
[SourceTitle "CBM 202 Extra"]
[Source "ChessBase"]
[SourceDate "2021.07.31"]
[SourceVersion "1"]
[SourceVersionDate "2021.07.31"]
[SourceQuality "1"]

1. e4 c5 2. Nf3 Nc6 3. Bb5 g6 4. 0-0 Bg7 5. Bxc6 dxc6 6. d3 e5 7. Nc3 Qe7 8. a3 Nf6 9. Rb1 a5 10. h3 Nd7 11. Be3 b6 12. Qd2 f5 13. exf5 gxf5 14. Bh6 0-0 15. Rfe1 Ba6 16. Qe3 Rae8 17. Bxg7 Kxg7 18. Nd2 Qd6 19. Rbd1 Kh8 20. f4 Qd4 21. Nf3 Qxe3+ 22. Rxe3 exf4 23. Re2 Nf6 24. Rde1 Rxe2 25. Rxe2 Re8 26. Rxe8+ Nxe8 27. Na4 c4 28. d4 Nc7 29. Nxb6 c3 30. bxc3 Nb5 31. Ne5 Nxa3 32. Nxc6 a4 33. d5 Bb5 34. Nd4 Be8 35. d6 Nb5 36. Nxb5 Bxb5 37. d7 Bxd7 38. Nxd7 a3 39. Nc5 a2 40. Nb3 Kg7 41. Kf2 Kf6 42. Kf3 Ke5 43. c4 h6 44. h4 h5 45. c3 1-0

[Event "Asia Cup U14"]
[Site "Shenzhen"]
[Date "2019.12.25"]
[Round "9.2"]
[White "Meng, Yihan"]
[Black "Erkhes, Bayartnar"]
[Result "0-1"]
[WhiteElo "1787"]
[BlackElo "1937"]
[PlyCount "128"]
[EventDate "2019.12.19"]
[EventType "team-tourn"]
[EventRounds "9"]
[EventCountry "CHN"]
[SourceTitle "CBM 194 Extra"]
[Source "ChessBase"]
[SourceDate "2020.03.31"]
[SourceVersion "1"]
[SourceVersionDate "2020.03.31"]
[SourceQuality "1"]
[WhiteTeam "China II"]
[BlackTeam "Mongolia"]
[WhiteTeamCountry "CHN"]
[BlackTeamCountry "MGL"]

1. e4 e5 2. Nf3 Nc6 3. Bc4 Bc5 4. c3 Nf6 5. d3 d6 6. 0-0 h6 7. b4 Bb6 8. a4 a5 9. b5 Ne7 10. Nbd2 0-0 11. Bb3 Ng6 12. Nc4 Ba7 13. Ra2 c6 14. Bd2 Re8 15. Re1 Qc7 16. Ne3 Bxe3 17. Bxe3 d5 18. Qc2 Bg4 19. Nd2 Rad8 20. f3 Be6 21. Qb2 c5 22. Raa1 b6 23. Rac1 Qd7 24. g3 Qb7 25. c4 d4 26. Bf2 Qc7 27. Rcd1 Nh7 28. h4 f5 29. exf5 Bxf5 30. Ne4 Rf8 31. Rd2 Bxe4 32. fxe4 Nf6 33. Bd1 Qd7 34. Kg2 Ng4 35. Qc2 Rxf2+ 36. Rxf2 Ne3+ 37. Rxe3 dxe3 38. Rf5 Ne7 39. Rxe5 Rf8 40. Bf3 Qd6 41. Rxe7 Qxe7 42. Qe2 Qe5 43. Qxe3 Qb2+ 44. Kh3 Qe5 45. Kg2 Re8 46. Qd2 Rd8 47. Qe3 Qb2+ 48. Be2 Re8 49. Kh3 Qa1 50. Bf3 Qxa4 51. Bh5 Re7 52. Qf4 Qa1 53. Qb8+ Kh7 54. Qd6 Qh1+ 55. Kg4 Qd1+ 56. Kh3 Qf1+ 57. Kh2 Qf6 58. Bg6+ Kxg6 59. h5+ Kh7 60. Qd8 Qf2+ 61. Kh3 Re5 62. Qxb6 Rxh5+ 63. Kg4 Rg5+ 64. Kh3 Qxg3# 0-1

[Event "Asia Cup U14"]
[Site "Shenzhen"]
[Date "2019.12.23"]
[Round "6.2"]
[White "Meng, Yihan"]
[Black "Zhang, Yuanxiao"]
[Result "1-0"]
[WhiteElo "1787"]
[BlackElo "1545"]
[PlyCount "87"]
[EventDate "2019.12.19"]
[EventType "team-tourn"]
[EventRounds "9"]
[EventCountry "CHN"]
[SourceTitle "CBM 194 Extra"]
[Source "ChessBase"]
[SourceDate "2020.03.31"]
[SourceVersion "1"]
[SourceVersionDate "2020.03.31"]
[SourceQuality "1"]
[WhiteTeam "China II"]
[BlackTeam "China IV"]
[WhiteTeamCountry "CHN"]
[BlackTeamCountry "CHN"]

1. e4 e5 2. Nf3 Nc6 3. Bc4 Bc5 4. c3 Nf6 5. d3 d6 6. 0-0 0-0 7. Nbd2 Be6 8. Bb3 d5 9. Qe2 Re8 10. exd5 Bxd5 11. Ne4 Nxe4 12. dxe4 Bxb3 13. axb3 a6 14. Bg5 Qd6 15. Nh4 Qe6 16. Nf5 Qxb3 17. Bf6 Qe6 18. Bxg7 Ne7 19. Qf3 c6 20. b4 Bb6 21. h4 Bc7 22. h5 h6 23. Nxe7+ Kxg7 24. Nf5+ Kh7 25. Rfd1 Red8 26. Qe3 Rxd1+ 27. Rxd1 a5 28. bxa5 Rxa5 29. Rd7 Bb6 30. Qg3 Qf6 31. Rd6 Ra1+ 32. Kh2 Bxf2 33. Rxf6 Bxg3+ 34. Kxg3 Ra3 35. Rxf7+ Kh8 36. Rxb7 Rxc3+ 37. Kg4 Rc4 38. Nxh6 Rxe4+ 39. Kf5 Re2 40. g4 Rd2 41. Nf7+ Kg7 42. Nxe5+ Kg8 43. h6 Rd1 44. h7+ 1-0

[Event "Wch U10"]
[Site "Weifang"]
[Date "2019.08.31"]
[Round "10"]
[White "Meng, Yihan"]
[Black "Sodbileg, Uranjargal"]
[Result "1-0"]
[WhiteElo "1793"]
[BlackElo "1419"]
[PlyCount "147"]
[EventDate "2019.08.21"]
[EventType "swiss"]
[EventRounds "11"]
[EventCountry "CHN"]
[SourceTitle "EXT 2020"]
[Source "ChessBase"]
[SourceDate "2019.10.17"]
[SourceVersion "1"]
[SourceVersionDate "2019.10.17"]
[SourceQuality "1"]

1. e4 e5 2. Nf3 Nc6 3. Bc4 Bc5 4. c3 Nf6 5. d3 d6 6. 0-0 0-0 7. Re1 a6 8. Bb3 Ba7 9. h3 h6 10. Nbd2 Ne7 11. Nf1 Ng6 12. d4 c6 13. Ng3 Qc7 14. Be3 Kh7 15. Qd2 Re8 16. dxe5 dxe5 17. Bxa7 Rxa7 18. Rad1 c5 19. Qd6 b5 20. Re2 c4 21. Qxc7 Rxc7 22. Bc2 Nf4 23. Red2 g6 24. Rd6 Kg7 25. Kf1 Ree7 26. R6d2 Bb7 27. Ng1 Nd7 28. N3e2 Ne6 29. f3 Ndc5 30. Ng3 Nf4 31. N1e2 Nfd3 32. Bxd3 Nxd3 33. Nc1 Nc5 34. Kf2 a5 35. Ke2 b4 36. Nf1 Na4 37. Rc2 Ba6 38. Kf2 Rb7 39. Rd5 b3 40. axb3 cxb3 41. Rcd2 Nb6 42. Rxa5 Bxf1 43. Kxf1 Nc4 44. Rad5 Nxd2+ 45. Rxd2 Re6 46. Ke2 Ra6 47. Nd3 Ra5 48. Rd1 Ra2 49. Rb1 Kf6 50. c4 Rc7 51. c5 Ke6 52. Kd2 Rd7 53. Kc3 Ra8 54. Nb4 Rc8 55. c6 Rd4 56. Ra1 f5 57. exf5+ gxf5 58. Ra7 Rb8 59. Rb7 Rc8 60. Kxb3 e4 61. fxe4 fxe4 62. Kc3 Rd6 63. Rh7 Kf5 64. Rf7+ Kg5 65. g3 Re6 66. Kd2 e3+ 67. Ke2 Re4 68. Nd5 Kg6 69. Rd7 Rce8 70. c7 Kf5 71. Rd8 R8e6 72. c8Q Ke5 73. Nc3 Rb4 74. Qc5+ 1-0

[Event "Wch U10"]
[Site "Weifang"]
[Date "2019.08.29"]
[Round "8"]
[White "Vetokhin, Savva"]
[Black "Meng, Yihan"]
[Result "1-0"]
[WhiteElo "2016"]
[BlackElo "1793"]
[PlyCount "189"]
[EventDate "2019.08.21"]
[EventType "swiss"]
[EventRounds "11"]
[EventCountry "CHN"]
[SourceTitle "EXT 2020"]
[Source "ChessBase"]
[SourceDate "2019.10.17"]
[SourceVersion "1"]
[SourceVersionDate "2019.10.17"]
[SourceQuality "1"]

1. e4 c5 2. Nf3 Nc6 3. d4 cxd4 4. Nxd4 e5 5. Nb5 a6 6. Nd6+ Bxd6 7. Qxd6 Qe7 8. Qxe7+ Ngxe7 9. Na3 b5 10. c3 d5 11. exd5 Nxd5 12. Be2 0-0 13. 0-0 Be6 14. Nc2 f5 15. Rd1 Rfd8 16. Bg5 Rd7 17. a4 bxa4 18. Rxa4 h6 19. Bc1 Rad8 20. Re1 Nc7 21. Ne3 a5 22. Nc4 Rd5 23. Be3 Na8 24. Bf1 Rd1 25. Ra1 Rxa1 26. Rxa1 f4 27. Bc5 Kh7 28. b4 axb4 29. cxb4 Nc7 30. Na5 Nxa5 31. bxa5 Na8 32. a6 Rd7 33. Bb5 Rd2 34. Bb4 Rb2 35. Bc6 Nc7 36. Bc3 Rb6 37. Be4+ g6 38. a7 Bf5 39. a8Q Nxa8 40. Bxa8 Rb5 41. Re1 e4 42. Bxe4 Bxe4 43. Rxe4 Rb1+ 44. Re1 Rb7 45. Bf6 Rb6 46. Bd4 Rb7 47. h4 Rf7 48. Bc5 Rf5 49. Re7+ Kg8 50. Re8+ Kg7 51. Bd4+ Kf7 52. Rh8 Rh5 53. g3 fxg3 54. fxg3 Rd5 55. Rh7+ Ke6 56. Rxh6 Rxd4 57. Rxg6+ Kf5 58. Rg5+ Kf6 59. Kg2 Ra4 60. Rb5 Kg6 61. Kh3 Rc4 62. Rb3 Rc1 63. g4 Rh1+ 64. Kg3 Rg1+ 65. Kf4 Rf1+ 66. Rf3 Ra1 67. h5+ Kh6 68. Kg3 Kg5 69. Rf5+ Kh6 70. Rf6+ Kg7 71. Rg6+ Kh7 72. Kh4 Rb1 73. Ra6 Rb4 74. h6 Rb1 75. Kh5 Rh1+ 76. Kg5 Rb1 77. Ra7+ Kh8 78. Kh5 Rb6 79. g5 Rb5 80. Rf7 Kg8 81. Re7 Ra5 82. Kg6 Ra6+ 83. Kf5 Ra5+ 84. Re5 Ra1 85. g6 Rf1+ 86. Kg5 Rg1+ 87. Kf6 Rf1+ 88. Rf5 Rxf5+ 89. Kxf5 Kf8 90. Kf6 Kg8 91. g7 Kh7 92. Kf7 Kxh6 93. g8Q Kh5 94. Qg3 Kh6 95. Qg6# 1-0